Biggest villages and towns of Mauritius - Statistics

General Stats
  • This quiz has been taken 3 times
  • The average score is 11 of 122
Answer Stats
District Population Town % Correct
Port-Louis 140.403 Port-Louis
100%
Plaines Wilhems 92.149 Beau-Bassin/Rose-Hill
67%
Moka 9703 Moka
67%
Pamplemousses 9663 Pamplemousses
67%
Rivière du Rempart 10.664 Rivière du Rempart
67%
Plaines Wilhems 107.433 Vacoas/Phoenix
67%
Pamplemousses 3621 Arsenal
33%
Rivière Noire 15.879 Bambous
33%
Rivière du Rempart 4347 Belle Vue Maurel
33%
Rivière du Rempart 5740 Cap Malheureux
33%
Flacq 16.310 Centre de Flacq
33%
Rivière du Rempart 4733 Cottage
33%
Chagos 3000 Diego Garcia
33%
Pamplemousses 5550 Fond du Sac
33%
Rivière du Rempart 21.103 Goodlands
33%
Pamplemousses 11.239 Grand Baie
33%
Rivière du Rempart 7852 Grand Gaube
33%
Pamplemousses 1773 Mapou
33%
Pamplemousses 4936 Piton
33%
Rodrigues 8004 Port Mathurin
33%
Grand Port 11.978 Rose Belle
33%
Rivière Noire 3757 Tamarin
33%
Pamplemousses 4495 The Vale
33%
Pamplemousses 23.179 Triolet
33%
Pamplemousses 2047 Trou aux Biches
33%
Rivière Noire 7506 Albion
0%
Rivière du Rempart 3073 Amaury
0%
Rivière du Rempart 2587 Amitié
0%
Pamplemousses 14.263 Baie du Tombeau
0%
Grand Port 1493 Bambous Virieux
0%
Grand Port 6461 Beau Vallon
0%
Flacq 18.030 Bel Air Rivière Sèche
0%
Savanne 3407 Bois Chéri
0%
Grand Port 1870 Bois des Amourettes
0%
Flacq 6203 Bon Accueil
0%
Flacq 4267 Bramsthan
0%
Flacq 7744 Brisée Verdière
0%
Savanne 1502 Britannia
0%
Pamplemousses 5418 Calebasses
0%
Flacq 3106 Camp de Masque
0%
Flacq 4065 Camp de Masque Pavé
0%
Grand Port 4886 Camp Diable
0%
Flacq 4805 Camp Ithier
0%
Moka 2030 Camp Thorel
0%
Rivière Noire 3121 Cascavelle
0%
Savanne 4533 Chamouny
0%
Savanne 12.780 Chemin Grenier
0%
Flacq 1872 Clémencia
0%
Grand Port 1931 Cluny
0%
Pamplemousses 1875 Congomah
0%
Pamplemousses 2743 Crève Coeur
0%
Plaines Wilhems 70.008 Curepipe
0%
Moka 7544 Dagotière
0%
Pamplemousses 6439 D'Épinay
0%
Flacq 2520 Écroignard
0%
Moka 1875 Espérance
0%
Rivière du Rempart 2215 Espérance Trébuchet
0%
Rivière Noire 3917 Flic en Flac
0%
Grand Port 1505 Grand Bel Air
0%
Savanne 4836 Grand Bois
0%
Flacq 2568 Grande Retraite
0%
Rivière Noire 2972 Grande Rivière Noire
0%
Flacq 2121 Grand River South East
0%
Grand Port 1988 Grand Sable
0%
Savanne 2992 La Flora
0%
Rivière Noire 2514 La Gaulette
0%
Moka 3291 La Laura-Malenga
0%
Flacq 10.613 Lalmatie
0%
Moka 1433 L'Avenir
0%
Flacq 3272 Laventure
0%
Pamplemousses 14.037 Le Hochet
0%
Grand Port 7579 L'Escalier
0%
Pamplemousses 7008 Long Mountain
0%
Grand Port 13.444 Mahébourg
0%
Grand Port 5210 Mare d'Albert
0%
Flacq 1839 Mare La Chaux
0%
Grand Port 3148 Mare Tabac
0%
Moka 7117 Médine Camp de Masque
0%
Moka 2398 Melrose
0%
Plaines Wilhems 2623 Midlands
0%
Moka 8801 Montagne Blanche
0%
Pamplemousses 5841 Morcellement St André
0%
Grand Port 10.964 New Grove
0%
Pamplemousses 5090 Notre Dame
0%
Moka 1993 Nouvelle Decouverte
0%
Grand Port 7338 Nouvelle France
0%
Grand Port 1662 Petit Bel Air
0%
Rivière Noire 4818 Petite Rivière
0%
Rivière du Rempart 9973 Petit Raffray
0%
Pamplemousses 7964 Plaine des Papayes
0%
Grand Port 10.062 Plaine Magnien
0%
Rivière du Rempart 3983 Plaines des Roches
0%
Pamplemousses 7488 Pointe aux Piments
0%
Flacq 8281 Poste de Flacq
0%
Rivière du Rempart 4541 Poudre d'Or
0%
Rivière du Rempart 2582 Poudre d'Or Hamlet
0%
Moka 3605 Providence
0%
Moka 6542 Quartier Militaire
0%
Plaines Wilhems 71.076 Quatre-Bornes
0%
Flacq 6357 Quatre Cocos
0%
Flacq 3113 Quatre Soeurs
0%
Rivière Noire 8880 Richelieu
0%
Moka 1081 Ripailles
0%
Savanne 4302 Rivière des Anguilles
0%
Grand Port 3155 Rivière des Créoles
0%
Grand Port 2051 Rivière du Poste
0%
Rivière du Rempart 6650 Roches Noires
0%
Rivière du Rempart 3328 Roche Terre
0%
Flacq 2546 Saint Julien
0%
Moka 3719 Saint Julien d'Hotman
0%
Moka 16.025 Saint Pierre
0%
Flacq 5724 Sébastopol
0%
Plaines Wilhems 2828 Seizieme Mille
0%
Savanne 4941 Souillac
0%
Savanne 10.049 Surinam
0%
Pamplemousses 12.041 Terre Rouge
0%
Grand Port 5307 Trois Boutiques
0%
Flacq 5525 Trou d'Eau Douce
0%
Savanne 4579 Tyack
0%
Grand Port 5489 Union Park
0%
Moka 2175 Verdun
0%
Pamplemousses 2736 Villebague
0%
No matching quizzes found
Score Distribution
Percent of People with Each Score
Percentile by Number Answered
Your Score History
You have not taken this quiz